000
00284nam a2200121Ia 4500
008
191201s2015 xx 000 0 und d
100
_a
THAREJA, Reema
245
0
_a
Data Structures Using C
260
_a
N. delhi
_b
Oxford
_c
2015
300
_a
531
650
_a
MCA
942
_2
ddc
_c
BK
_0
17
999
_c
6040
_d
6040